| 000 | 01022cam a2200313 i 4500 | ||
|---|---|---|---|
| 001 | 17534091 | ||
| 003 | GBCCL | ||
| 005 | 20241126110400.0 | ||
| 008 | 121118t2013 miu b 000 0 eng | ||
| 010 | _a 2012046706 | ||
| 020 | _a9780801015090 (pbk.) | ||
| 040 |
_aDLC _beng _cDLC _erda _dDLC |
||
| 042 | _apcc | ||
| 050 | 0 | 0 |
_aBS647.3 _b.G88 2013 |
| 082 | 0 | 0 |
_a220.15 _223 _bGUT |
| 100 | 1 |
_aGuthrie, Stan. _92710 |
|
| 245 | 1 | 2 |
_aA concise guide to Bible prophecy : _b60 predictions everyone should know / _cStan Guthrie. |
| 264 | 1 |
_aGrand Rapids, Michigan : _bBaker Books, _c[2013] |
|
| 264 | 4 | _c©2013 | |
| 300 |
_a172 pages ; _c22 cm |
||
| 336 |
_atext _2rdacontent |
||
| 337 |
_aunmediated _2rdamedia |
||
| 338 |
_avolume _2rdacarrier |
||
| 504 | _aIncludes bibliographical references (pages 167-172). | ||
| 630 | 0 | 0 |
_aBible _xProphecies. _9457 |
| 906 |
_a7 _bcbc _corignew _d1 _eecip _f20 _gy-gencatlg |
||
| 942 |
_2ddc _cBK _05 |
||
| 999 |
_c1372 _d1372 |
||